[Event "Buenos Aires WOBRON"]
[Site "Buenos Aires"]
[Date "1971.??.??"]
[Round "2"]
[White "Panno, Oscar"]
[Black "Bolbochan, Julio"]
[Result "1/2-1/2"]
[WhiteElo "2570"]
[BlackElo "2500"]

1.d4 Nf6 2.c4 c6 3.Nc3 d5 4.Nf3 dxc4 5.a4 Bf5 6.Ne5 e6 7.f3 Bb4 8.Nxc4 O-O
9.Bg5 h6 10.Bh4 Na6 11.e4 Bh7 12.Be2 c5 13.dxc5 Qxd1+ 14.Bxd1 Bxc5 15.Bf2 Nd7
16.Be2 Nb4 17.Rd1 Rfd8 18.a5 Bxf2+ 19.Kxf2 Nc5 20.Nb5 a6 21.Nbd6 Kf8 22.g4 Ke7
23.h4 Rab8  1/2-1/2

[Event "Skopje ol (Men) prel"]
[Site "Skopje"]
[Date "1972.??.??"]
[Round "6"]
[White "Littleton, Michael Flannan"]
[Black "Tumurbator, Purev"]
[Result "1-0"]
[WhiteElo "2200"]
[BlackElo "2270"]

1.d4 d5 2.c4 c6 3.Nf3 Nf6 4.Nc3 dxc4 5.a4 Bf5 6.e3 e6 7.Bxc4 Bb4 8.O-O O-O
9.Qe2 Ne4 10.Bd3 Nxc3 11.bxc3 Bxc3 12.Bxf5 exf5 13.Rb1 Qc8 14.Ba3 Re8 15.Ng5 Qd7
16.Qh5 h6 17.Nf3 b6 18.Rfc1 Ba5 19.Ne5 Qe6 20.Qf3 f6 21.Nc4 Rd8 22.Nxa5 bxa5
23.Rb7 Rd7 24.Rxd7 Qxd7 25.g3 Qe6 26.Rc5 Nd7 27.Rxc6 Qe4 28.Qxe4 fxe4 29.Bc5 Kf7
30.Ra6 Nxc5 31.dxc5 Ke7 32.Kf1 Kd7 33.Ke2 Kc7 34.Kd2 Kb7 35.Re6 Rc8 36.Rxe4 Rxc5
37.Re7+ Kb6 38.Rxg7 Rc4 39.Rg6 Rxa4 40.Rxf6+ Kb5 41.Rf5+ Kb6 42.h4 Rc4 43.Rf4 Rc8
44.g4 Kb5 45.g5 h5 46.g6 a4 47.g7 Rg8 48.Rf7 a5 49.Kc3 Kc5 50.f4  1-0

[Event "DSV-Turnier"]
[Site "Leipzig"]
[Date "1973.??.??"]
[Round "4"]
[White "Gruenberg, Hans Ulrich"]
[Black "Hennings, Artur"]
[Result "0-1"]
[WhiteElo "2290"]
[BlackElo "2435"]

1.d4 d5 2.c4 dxc4 3.Nf3 Nf6 4.Nc3 c6 5.a4 Bf5 6.Ne5 e6 7.f3 Bb4 8.Nxc4 O-O
9.Bg5 h6 10.Bh4 c5 11.dxc5 Qxd1+ 12.Rxd1 Bc2 13.Rc1 Bxa4 14.Ra1 Bb3 15.Bxf6 Bxc4
16.Be7 Rc8 17.e4 Bxf1 18.Kxf1 Bxc5 19.Bxc5 Rxc5 20.Kf2 Nd7 21.Rhd1 Nb6 22.Kg3 Rc4
23.Nb5 Rb4 24.Nd6 Rxb2 25.Nxb7 Nc4 26.Rd8+ Rxd8 27.Nxd8 a5 28.Nc6 Rb5 29.Ra4 Rc5
30.Nd4 Nb6 31.Ra2 a4 32.Rb2 Nc4 33.Rc2 e5 34.Nf5 a3 35.Kf2 Ra5 36.Rxc4 a2
37.Rc1 a1=Q 38.Rxa1 Rxa1 39.g4 Kh7 40.h4 g6 41.Ne3 Kg7 42.Kg3 Kf6 43.g5+ hxg5
44.Ng4+ Ke6 45.hxg5 Rh1 46.Nf6 Rg1+ 47.Kh4 Kd6 48.Ng8 Ra1 49.Kg3 Rg1+ 50.Kh4 Rh1+
51.Kg4 Rh8 52.Nf6 Kc5 53.Nd7+ Kd4 54.Kg3 Rh1 55.Kg4 Rg1+ 56.Kh4 Rg2 57.Nf6 Ke3  0-1

[Event "FRG-ch"]
[Site "Menden"]
[Date "1974.??.??"]
[Round "?"]
[White "Kunsztowicz, Uwe"]
[Black "Dietzsch, Herbert"]
[Result "1-0"]
[WhiteElo "2440"]
[BlackElo "2200"]

1.d4 d5 2.c4 c6 3.Nf3 Nf6 4.Nc3 dxc4 5.a4 Bf5 6.e3 e6 7.Bxc4 Nbd7 8.O-O Be7
9.Qe2 O-O 10.e4 Bg4 11.Rd1 Qa5 12.e5 Nd5 13.Ne4 N7b6 14.Bd3 Nb4 15.Bd2 Rad8
16.h3 Bh5 17.Nc5 Bxc5 18.dxc5 Qxc5 19.Bxh7+ Kh8 20.Qe4 Rxd2 21.Nxd2 Bxd1
22.Qh4 Re8 23.Rxd1 N4d5 24.Ne4 Qb4 25.a5 Nd7 26.Bg6+ Kg8 27.Bxf7+ Kxf7 28.Nd6+ Kg8
29.Qxb4 Nxb4 30.Nxe8 Nd5 31.Nd6 b6 32.a6 Nc5 33.Ra1 Nb4 34.Nc8 Ncxa6 35.Nxa7 Nc5
36.Nc8 Ncd3 37.Nxb6 Nxb2 38.Ra7 N2d3 39.Nc4 Kh7 40.Re7 Nf4 41.Kh2 Nfd5 42.Rxe6 Nd3
43.f3 N5f4 44.Rxc6 Nc1 45.e6  1-0

[Event "FRG-ch"]
[Site "Menden"]
[Date "1974.??.??"]
[Round "?"]
[White "Kunsztowicz, Uwe"]
[Black "Hermann, Manfred"]
[Result "1-0"]
[WhiteElo "2440"]
[BlackElo "2200"]

1.d4 d5 2.c4 c6 3.Nf3 Nf6 4.Nc3 dxc4 5.a4 Bf5 6.e3 e6 7.Bxc4 Bb4 8.O-O O-O
9.Qe2 Nbd7 10.Ne5 Qa5 11.e4 Bg6 12.Nxg6 hxg6 13.e5 Nd5 14.Ne4 Qb6 15.Qg4 Rfe8
16.Qh4 Nf8 17.Rd1 Nh7 18.Bxd5 exd5 19.Ng5 Nxg5 20.Bxg5 Qa6 21.Qg4 Re6 22.b3 Rc8
23.Rac1 f6 24.Bxf6 Kf7 25.Bg5 Be7 26.Be3 Rh8 27.f4 Rh4 28.Qf3 Ke8 29.g3 Rh8
30.g4 g5 31.Qg2 Qb6 32.Rb1 Rxe5 33.a5 Qxa5 34.dxe5 Bc5 35.Qe2 Qb5 36.Re1  1-0

[Event "Nice olm prel"]
[Site "Nice"]
[Date "1974.??.??"]
[Round "1"]
[White "Garcia Gonzales, Guillermo"]
[Black "Lamas, Pedro"]
[Result "1-0"]
[WhiteElo "2450"]
[BlackElo "2200"]

1.d4 d5 2.c4 c6 3.Nf3 Nf6 4.Nc3 dxc4 5.a4 Bf5 6.e3 e6 7.Bxc4 Bb4 8.O-O Nbd7
9.Bd2 O-O 10.Re1 Qa5 11.e4 Bg4 12.e5 Nd5 13.Bd3 f5 14.Nxd5 Bxd2 15.Qxd2 Qxd5
16.Bb1 Nb6 17.a5 Bxf3 18.axb6 Bh5 19.bxa7 Rfd8 20.Ba2 Qd7 21.Qa5 Qe7 22.Qb6 f4
23.f3 g5 24.h3 Bg6 25.Bb3 Bf5 26.Ra4 h5 27.d5 cxd5 28.Qd4 h4 29.Rc1 Rd7 30.Rca1 Rc7
31.Ra5 Kf7 32.Qb6 Bd3 33.Bd1 Rc6 34.Qd4 Ba6 35.b4 Rc4 36.Qd3 Rxb4 37.Qh7+ Ke8
38.Qg8+ Qf8 39.Qxe6+ Qe7 40.Rxa6 bxa6 41.Qc6+ Kf7 42.Qxa8 Qxe5 43.Kh2 g4
44.hxg4 h3 45.Qc8 hxg2 46.Qf5+  1-0

[Event "Nice olm prel"]
[Site "Nice"]
[Date "1974.??.??"]
[Round "4"]
[White "Popov, Luben"]
[Black "Seret, Jean Luc"]
[Result "0-1"]
[WhiteElo "2460"]
[BlackElo "2400"]

1.d4 d5 2.Nf3 Nf6 3.c4 c6 4.Nc3 dxc4 5.a4 Bf5 6.e3 e6 7.Bxc4 Bb4 8.O-O O-O
9.Qe2 Nbd7 10.e4 Bg6 11.Bd3 Qe7 12.e5 Nd5 13.Bg5 f6 14.exf6 gxf6 15.Bd2 Rae8
16.Nh4 f5 17.g3 Qg7 18.Rad1 Qxd4 19.Nxg6 hxg6 20.Bh6 Bxc3 21.Bxf8 Nxf8 22.bxc3 Nxc3
23.Qb2 Rd8 24.Rd2 Ne4 25.Qxd4 Rxd4 26.Rb2 Rxd3 27.Rxb7 Rd7 28.Rb8 Nc5 29.a5 Rc7
30.Rc1 Na6 31.Rd8 Kf7 32.Rd6 Nb8 33.Rd8 Nfd7 34.Rh8 c5 35.Rh7+ Kf6 36.f4 Rc6
37.h3 a6 38.g4 e5 39.g5+ Ke6 40.h4 exf4 41.Re1+ Ne5 42.h5 gxh5 43.Rh6+ Kd5
44.Rd1+ Ke4 45.Re1+ Kd4 46.Rd1+ Kc3 47.Rd5 Nf3+ 48.Kg2 Nxg5 49.Rxc6 f3+ 50.Kf1 Nxc6
51.Rxc5+ Kd4 52.Rxc6 Ne4 53.Rb6 h4 54.Kg1 Ke3 55.Rb3+ Ke2  0-1

[Event "CSR-ch"]
[Site "Rimavska Sobota"]
[Date "1974.??.??"]
[Round "2"]
[White "Hort, Vlastimil"]
[Black "Meduna, Eduard"]
[Result "1-0"]
[WhiteElo "2600"]
[BlackElo "2285"]

1.d4 d5 2.c4 c6 3.Nc3 Nf6 4.Nf3 dxc4 5.a4 Bf5 6.e3 e6 7.Bxc4 Nbd7 8.O-O Bb4
9.Nh4 Bg4 10.f3 Nd5 11.fxg4 Qxh4 12.Qf3 O-O-O 13.e4 N5f6 14.g5 Ng4 15.Qh3 Qxh3
16.gxh3 c5 17.hxg4 cxd4 18.Na2 Bd6 19.Rxf7  1-0

[Event "ARG-ch"]
[Site "Buenos Aires"]
[Date "1975.??.??"]
[Round "2"]
[White "Panno, Oscar"]
[Black "Najdorf, Miguel"]
[Result "1/2-1/2"]
[WhiteElo "2545"]
[BlackElo "2510"]

1.Nf3 d5 2.d4 Nf6 3.c4 c6 4.Nc3 dxc4 5.a4 Bf5 6.e3 e6 7.Bxc4 Bb4 8.O-O O-O
9.Qe2 Bg6 10.Ne5 Nbd7 11.Nxg6 hxg6 12.Rd1 Qe7 13.e4 e5 14.dxe5 Nxe5 15.Bb3 Rad8
16.Bf4 a5 17.f3 Nh5 18.Be3 Bc5 19.Qf2  1/2-1/2

[Event "ARG-ch"]
[Site "Buenos Aires"]
[Date "1975.??.??"]
[Round "17"]
[White "Panno, Oscar"]
[Black "Paglilla, Carlos"]
[Result "1-0"]
[WhiteElo "2545"]
[BlackElo "2200"]

1.d4 d5 2.c4 c6 3.Nf3 Nf6 4.Nc3 dxc4 5.a4 Bf5 6.e3 e6 7.Bxc4 Bb4 8.O-O h6
9.Ne5 Nbd7 10.Nd3 Be7 11.Qe2 O-O 12.Rd1 c5 13.e4 Bg4 14.f3 cxd4 15.Nb5 Bh5
16.Nxd4 Qc7 17.Ba2 Rac8 18.Nb5 Qb8 19.e5 Nd5 20.Bxd5 exd5 21.Nf4 Bg6 22.Nxg6 fxg6
23.Rxd5 Nb6 24.Rd1 Bc5+ 25.Kh1 a5 26.Bd2 Rce8 27.Re1 Kh7 28.Rac1 Nd7 29.f4 b6
30.Qe4 Qd8 31.Bc3 Qh4 32.g3 Qe7 33.Rcd1 Nf6 34.Qf3 Ng4 35.Kg2 h5 36.h3 Nh6
37.Nd6 Bxd6 38.Rxd6 Nf7 39.Rxb6 Qd7 40.Qe4  1-0

[Event "SWE-ch"]
[Site "?"]
[Date "1975.??.??"]
[Round "?"]
[White "Uddenfeldt, Dan"]
[Black "Ek, Hans"]
[Result "0-1"]
[WhiteElo "2280"]
[BlackElo "2345"]

1.c4 Nf6 2.Nc3 c6 3.d4 d5 4.Nf3 dxc4 5.a4 Bf5 6.e3 e6 7.Bxc4 Nbd7 8.Qe2 Bb4
9.O-O Bg6 10.Bd2 O-O 11.Rad1 Qe7 12.Ne5 Nxe5 13.dxe5 Nd7 14.f4 Nb6 15.Bb3 Nd5
16.Na2 Bxd2 17.Rxd2 Qc5 18.Bxd5 cxd5 19.Nc3 f6 20.exf6 Rxf6 21.Rd4 a6 22.Rfd1 Raf8
23.g3 Be8 24.Qc2 Kh8 25.Qb3 Bc6 26.Nb1 Qe7 27.Qc3 e5 28.fxe5 Qxe5 29.Rf4 Qe8
30.b3 Rxf4 31.exf4 d4 32.Qd3 Qh5 33.f5 Rxf5 34.Re1 Rf8  0-1

[Event "Hoogovens-B"]
[Site "Wijk aan Zee"]
[Date "1975.??.??"]
[Round "14"]
[White "Portisch, Ferenc"]
[Black "Timman, Ton"]
[Result "0-1"]
[WhiteElo "2420"]
[BlackElo "2385"]

1.d4 d5 2.c4 c6 3.Nf3 Nf6 4.Nc3 dxc4 5.a4 Bf5 6.e3 e6 7.Bxc4 Bb4 8.O-O O-O
9.Nh4 Bg4 10.f3 Bh5 11.g4 Bg6 12.Nxg6 hxg6 13.g5 Nd5 14.Ne4 Nd7 15.Qb3 Qa5
16.f4 b5 17.Be2 N7b6 18.Qc2 bxa4 19.Nc5 Bxc5 20.dxc5 Nd7 21.Rxa4 Qxc5 22.Rc4 Qe7
23.b3 c5 24.Bg4 Rab8 25.Rf3 Nb4 26.Qe2 Nc6 27.Rc3 Rb6 28.Rh3 Rfb8 29.Qd1 Nb4
30.e4 Na2 31.Rcd3 Nxc1 32.Rxd7 Qe8 33.f5 Nxb3 34.fxe6 fxe6 35.Rxb3 Rxb3 36.Qd6 Rb1+
37.Kg2 Qf8 38.Qxe6+ Kh8 39.Be2 R1b3 40.Qg4 Rc3 41.Rd2 Qe8 42.Ba6 Qc6 43.Bd3 c4
44.Be2 Re3 45.Rd4 Rc3 46.Rd2 Rf8 47.Bd1 Qc5 48.Qh4+ Kg8 49.Bg4 Qe5 50.Bd7 Rd3
51.Rxd3 cxd3 52.Qg4 Rf4 53.Qg3 Qxe4+  0-1

[Event "Haifa ol (Men)"]
[Site "Haifa"]
[Date "1976.??.??"]
[Round "?"]
[White "Toth, Bela"]
[Black "Donoso Velasco, Pedro H"]
[Result "0-1"]
[WhiteElo "2405"]
[BlackElo "2385"]

1.d4 d5 2.c4 c6 3.Nc3 Nf6 4.Nf3 dxc4 5.a4 Bf5 6.Ne5 e6 7.Nxc4 c5 8.Be3 cxd4
9.Bxd4 Nc6 10.Bxf6 Qxf6 11.e3 Bb4 12.Rc1 O-O 13.Be2 Rad8 14.Qb3 Bd3 15.Bxd3 Rxd3
16.O-O Rfd8 17.Rfd1 Bxc3 18.Rxd3 Rxd3 19.bxc3 Qd8 20.h3 Qd5 21.Qb5 h6 22.Nb2 Rd2
23.c4 Qe5 24.Nd1 Qd6 25.Nc3 Qa3 26.Qb1 Rb2 27.Qa1 Qxa1 28.Rxa1 Rc2 29.Ra3 b6
30.g3 Kf8 31.Kg2 Ke7 32.g4 Na5 33.Nb5 a6 34.Nc7 Nxc4 35.Rb3 Na5 36.Rxb6 Rxc7
37.Rxa6 Nc6 38.Rb6 Kd7 39.Rb2 Ra7 40.Ra2 Ra5 41.f4 Nb4 42.Ra3 Na6 43.Kf3 Nc5
44.Rc3 Kd6 45.e4 Rxa4 46.e5+  0-1

[Event "Club Argentino+"]
[Site "Buenos Aires"]
[Date "1977.??.??"]
[Round "4"]
[White "Szmetan, Jorge"]
[Black "Cuasnicu, Oscar"]
[Result "1/2-1/2"]
[WhiteElo "2435"]
[BlackElo "2400"]

1.d4 d5 2.c4 c6 3.Nc3 Nf6 4.Nf3 dxc4 5.a4 Bf5 6.e3 e6 7.Bxc4 Bb4 8.O-O O-O
9.Bd2 a5 10.h3 h6 11.Qe2 Bh7 12.Bd3 Bxd3 13.Qxd3 Nbd7  1/2-1/2

[Event "DSV-Turnier"]
[Site "Leipzig"]
[Date "1977.??.??"]
[Round "13"]
[White "Knaak, Rainer"]
[Black "Fischer, Joan"]
[Result "1-0"]
[WhiteElo "2500"]
[BlackElo "2420"]

1.d4 d5 2.c4 c6 3.Nf3 Nf6 4.Nc3 dxc4 5.a4 Bf5 6.e3 e6 7.Bxc4 Bb4 8.O-O Nbd7
9.Nh4 Bg4 10.f3 Bh5 11.g4 Nd5 12.Qe1 Bg6 13.e4 N5b6 14.Bb3 a5 15.Be3 Be7
16.Ng2 h5 17.Rd1 hxg4 18.fxg4 Nf6 19.d5 cxd5 20.exd5 Nfxd5 21.Nf4 Qc7 22.Bxd5 Nxd5
23.Rxd5 exd5 24.Ncxd5 Qd6 25.Bd4 Rh7 26.Rf2 Qd7 27.Nxe7  1-0

[Event "SWE-ch"]
[Site "?"]
[Date "1977.??.??"]
[Round "?"]
[White "Svensson, Gert"]
[Black "Hammar, Bengt"]
[Result "1/2-1/2"]
[WhiteElo "2260"]
[BlackElo "2200"]

1.d4 d5 2.c4 c6 3.Nf3 Nf6 4.Nc3 dxc4 5.a4 Bf5 6.e3 e6 7.Bxc4 Bb4 8.O-O O-O
9.Qe2 Nbd7 10.e4 Bg6 11.Bd3 Qe7  1/2-1/2

[Event "IBM-B"]
[Site "Amsterdam"]
[Date "1978.??.??"]
[Round "3"]
[White "De Roode, Peter"]
[Black "Bohm, Hans"]
[Result "0-1"]
[WhiteElo "2200"]
[BlackElo "2410"]

1.d4 d5 2.c4 c6 3.Nf3 Nf6 4.Nc3 dxc4 5.a4 Bf5 6.e3 e6 7.Bxc4 Bb4 8.O-O Nbd7
9.Qe2 Bg6 10.Bd3 Bxd3 11.Qxd3 O-O 12.Rd1 Qa5 13.e4 e5 14.Bg5 exd4 15.Qxd4 Rfe8
16.Bxf6 Nxf6 17.e5 Rad8 18.Qh4 Rxd1+ 19.Rxd1 Bxc3 20.bxc3 Nd5 21.c4 Qxa4
22.Re1 Nc7 23.h3 h6 24.g4 Qxc4  0-1

[Event "IBM-B"]
[Site "Amsterdam"]
[Date "1978.??.??"]
[Round "11"]
[White "De Roode, Peter"]
[Black "Borm, Franciscus WM"]
[Result "0-1"]
[WhiteElo "2200"]
[BlackElo "2260"]

1.d4 d5 2.c4 c6 3.Nf3 Nf6 4.Nc3 dxc4 5.a4 Bf5 6.e3 e6 7.Bxc4 Bb4 8.O-O O-O
9.Nh4 Bd6 10.Nxf5 exf5 11.f3 Qc7 12.h3 Nbd7 13.e4 Rad8 14.Bg5 Bf4 15.Bxf4 Qxf4
16.Ne2 Qe3+ 17.Rf2 fxe4 18.f4 Nc5 19.Ra3 Nd3 20.Bxd3 exd3 21.Rxd3 Qe7 22.Ng3 Rd5
23.Re2 Qd7 24.Re5 Rd8 25.Ne2 g6 26.Qd2 Nh5 27.Kf2 c5 28.g4 Nf6 29.Ke3 Qxa4
30.Rxd5 Nxd5+ 31.Kf2 Nb4 32.Ra3 Qc6 33.Qc3 Qe4 34.dxc5 Nd3+ 35.Kg3 Qxe2 36.Kh4 Qf2+  0-1

[Event "ARG-ch"]
[Site "Buenos Aires"]
[Date "1978.??.??"]
[Round "?"]
[White "Anelli, Antonio"]
[Black "Campora, Daniel H"]
[Result "0-1"]
[WhiteElo "2325"]
[BlackElo "2370"]

1.d4 d5 2.c4 c6 3.Nf3 Nf6 4.Nc3 dxc4 5.a4 Bf5 6.e3 e6 7.Bxc4 Bb4 8.O-O O-O
9.Nh4 Nbd7 10.f3 Bg6 11.Nxg6 hxg6 12.Qe2 Qe7 13.Kh1 e5 14.dxe5 Qxe5 15.Bd2 a6
16.e4 b5 17.Bb3 Nc5 18.Bc2 Qe7 19.Rfd1 Ne6 20.Be3 Bc5 21.e5 Nd7 22.f4 Nb6
23.Ne4 Bxe3 24.Qxe3 Nd5 25.Rxd5 cxd5 26.Nd6 bxa4 27.Rxa4 Qa7 28.Qd2 Rab8
29.f5 Rxb2 30.fxe6 fxe6 31.Ra1 Rf2 32.Qg5 Rbxc2 33.Qxg6 Qe7 34.Rg1 Rce2 35.Qg3 Qf8
36.h3 Qf4 37.Qg6 Qxe5  0-1

[Event "DDR-ch 27th"]
[Site "Eggesin/Torgelow"]
[Date "1978.??.??"]
[Round "6"]
[White "Knaak, Rainer"]
[Black "Starck, Bodo"]
[Result "1-0"]
[WhiteElo "2520"]
[BlackElo "2310"]

1.d4 d5 2.c4 c6 3.Nf3 Nf6 4.Nc3 dxc4 5.a4 Bf5 6.e3 e6 7.Bxc4 Bb4 8.O-O O-O
9.Nh4 Nbd7 10.f3 Bg6 11.Nxg6 hxg6 12.Qc2 Qe7 13.a5 c5 14.Qb3 cxd4 15.exd4 b6
16.a6 Rac8 17.Nb5 Ra8 18.Ra4 Bd6 19.Bg5 Rfc8 20.Re1 Qf8 21.Bxe6 Bxh2+ 22.Kxh2 fxe6
23.Qxe6+ Kh8 24.d5  1-0

[Event "Halle 12th (Women)"]
[Site "Halle"]
[Date "1978.??.??"]
[Round "8"]
[White "Broeder, Iris"]
[Black "Jicman, Ligia"]
[Result "1-0"]
[WhiteElo "2000"]
[BlackElo "2080"]

1.d4 d5 2.c4 c6 3.Nc3 Nf6 4.Nf3 dxc4 5.a4 Bf5 6.e3 e6 7.Bxc4 Bb4 8.O-O O-O
9.Qe2 Bg6 10.Rd1 Nbd7 11.Na2 Be7 12.b4 Nd5 13.Bd2 N7f6 14.Rac1 Bd6 15.Bd3 Qe7
16.Bxg6 hxg6 17.b5 cxb5 18.axb5 Ne4 19.Ba5 g5 20.h3 f5 21.Ne5 Bxe5 22.dxe5 g4
23.hxg4 fxg4 24.Be1 Rf5 25.Qxg4 Rxe5 26.Rd4 Ndf6 27.Qf4 Rf5 28.Qc7 Qxc7 29.Rxc7 Rxb5
30.f3 Rb1 31.Nc1 Nd5 32.Rc2 Nd6 33.Bd2 Nf5 34.Re4 Kf7 35.Kf2 a5 36.Rg4 a4
37.e4 Nd4 38.Rc4 Nf6 39.Rc7+ Ke8 40.Rgxg7 a3 41.Rge7+ Kd8 42.Bg5 Nb5 43.Rxb7 Rb2+
44.Kg3 Nd6 45.Bxf6 Nxb7 46.Rxb7+ Kc8 47.Rxb2 axb2 48.Bxb2 Kd7 49.f4 Ke7 50.Kf3 Kf7
51.Nd3 Ra2 52.g4 Kg6 53.Ne5+ Kh7 54.Bd4 Ra3+ 55.Be3 Kg7 56.g5 Rb3 57.f5 exf5
58.exf5 Kg8 59.f6 Rb5 60.Kf4 Rb1 61.Kf5 Rf1+ 62.Kg6 Kh8 63.Nf7+ Kg8 64.Nh6+ Kh8
65.Bd4  1-0

[Event "Leipzig ET17"]
[Site "Leipzig"]
[Date "1978.??.??"]
[Round "11"]
[White "Knaak, Rainer"]
[Black "Boehnisch, Manfred"]
[Result "0-1"]
[WhiteElo "2520"]
[BlackElo "2365"]

1.d4 d5 2.c4 c6 3.Nf3 Nf6 4.Nc3 dxc4 5.a4 Bf5 6.e3 Na6 7.Bxc4 Nb4 8.O-O e6
9.Qe2 Nbd5 10.Ne5 Bd6 11.f3 Nb6 12.e4 Bg6 13.Be3 Qc7 14.Ba2 Bxe5 15.dxe5 Qxe5
16.f4 Qh5 17.Qxh5 Bxh5 18.h3 h6 19.g4 Bg6 20.f5 Bh7 21.fxe6 fxe6 22.Bxe6 Nbd7
23.g5 hxg5 24.Bxg5 Nc5 25.Ba2 Bg8 26.Bxg8 Nxg8 27.Rf5 Nd7 28.e5 Nh6 29.Rf2 Nf7
30.Bf4 Nc5 31.e6 Nd8 32.Re2 Rxh3 33.e7 Nde6 34.Bd6 Kd7 35.Bxc5 Nxc5 36.Rd1+ Ke8
37.Kg2 Rh6 38.Rh1 Rxh1 39.Kxh1 a5 40.Re5 b6  0-1

[Event "URS-FL"]
[Site "Frunze"]
[Date "1979.??.??"]
[Round "15"]
[White "Lerner, Konstantin Z"]
[Black "Timoshchenko, Gennadi A"]
[Result "1-0"]
[WhiteElo "2475"]
[BlackElo "2530"]

1.d4 d5 2.c4 c6 3.Nf3 Nf6 4.Nc3 dxc4 5.a4 Bf5 6.Ne5 Nbd7 7.Nxc4 Qc7 8.g3 e5
9.dxe5 Nxe5 10.Bf4 Nfd7 11.Bg2 f6 12.O-O Rd8 13.Qc1 Be6 14.Ne4 Be7 15.Nxe5 Nxe5
16.Nc5 Bc8 17.Qc3 O-O 18.b4 Rfe8 19.Qb3+ Kh8 20.Rfc1 Bd6 21.Ne4 Bf8 22.Qc3 Bg4
23.f3 Bf5 24.Nc5 Bc8 25.a5 a6 26.Rd1 Qe7 27.e4 Ng6 28.Be3 Rxd1+ 29.Rxd1 Rd8
30.Rxd8 Qxd8 31.Bd4 Bd6 32.f4 Qe7 33.Qe3 Bc7 34.h4 Nf8 35.Bc3 Ne6 36.Bh3 Bd6
37.Nd3 Qf8 38.h5 h6 39.e5 fxe5 40.Nxe5 Bxe5 41.Qxe5 Qf7 42.Bg4 Kg8 43.Qb8 Qd7
44.Kf2 Kf7 45.Qe5 Kf8 46.f5 Nc7 47.f6 Ne6 48.fxg7+ Kg8 49.Qf6 Qf7 50.Qxf7+ Kxf7
51.Ke3 Bd7 52.Bf5 Kg8 53.g4 c5 54.bxc5 Nxc5 55.Kd4 Ne6+ 56.Ke5 Nc5 57.Bxd7  1-0

[Event "Johannesburg"]
[Site "Johannesburg"]
[Date "1979.??.??"]
[Round "?"]
[White "Kortschnoj, Viktor"]
[Black "Unzicker, Wolfgang"]
[Result "1/2-1/2"]
[WhiteElo "2695"]
[BlackElo "2530"]

1.d4 d5 2.c4 c6 3.Nf3 Nf6 4.Nc3 dxc4 5.a4 Bf5 6.e3 e6 7.Bxc4 Bb4 8.O-O O-O
9.Qb3 Qe7 10.Nh4 Bg6 11.Nxg6 hxg6 12.Rd1 Rd8 13.Bd2 a5 14.Be1 Nbd7 15.f3 Nb6
16.Bf1 c5 17.Bh4 cxd4 18.exd4 Nbd5  1/2-1/2

[Event "Lone Pine op"]
[Site "Lone Pine"]
[Date "1979.??.??"]
[Round "8"]
[White "Odendahl, Steven M"]
[Black "Bohm, Hans"]
[Result "1-0"]
[WhiteElo "2370"]
[BlackElo "2410"]

1.d4 d5 2.c4 c6 3.Nf3 Nf6 4.Nc3 dxc4 5.a4 Bf5 6.e3 e6 7.Bxc4 Bb4 8.O-O Nbd7
9.Qe2 Bg6 10.Rd1 Qc7 11.Bd3 Bxd3 12.Rxd3 e5 13.e4 O-O 14.Bg5 exd4 15.Nxd4 Rfe8
16.f3 Qe5 17.Be3 Qh5 18.Nf5 Nc5 19.Rdd1 Nb3 20.Rab1 Bc5 21.Bxc5 Nxc5 22.b4 Ne6
23.Qf2 g6 24.Nd6 Re7 25.Nc4 Qg5 26.b5 h5 27.e5 Nf4 28.Qg3 Qxg3 29.hxg3 N6d5
30.Nxd5 Nxd5 31.Rd3 g5 32.Na5 Nb6 33.bxc6 bxc6 34.Nxc6 Re6 35.Rd6 Nxa4 36.Rxe6 fxe6
37.Ra1 Nc5 38.Rxa7 Rxa7 39.Nxa7 Kf7 40.Nc6 Ke8 41.Nd4 Kf7 42.Kf1 Ke7 43.f4 Kf7
44.Kf2 Kg6 45.Ke3 g4 46.Nb5 Kf5 47.Kd4 Nb3+ 48.Kc3 Nc5 49.Kc4  1-0

[Event "Stary Smokovec"]
[Site "Stary Smokovec"]
[Date "1979.??.??"]
[Round "?"]
[White "Cvetkovic, Srdjan"]
[Black "Mnatsakanian, Eduard A"]
[Result "0-1"]
[WhiteElo "2385"]
[BlackElo "2425"]

1.Nf3 d5 2.d4 Nf6 3.c4 c6 4.Nc3 dxc4 5.a4 Bf5 6.Ne5 e6 7.f3 Bb4 8.Nxc4 Nd5
9.Qd2 c5 10.e4 cxd4 11.Qxd4 O-O 12.exd5 Nc6 13.Qf4 exd5 14.Qxf5 dxc4 15.Kf2 Re8
16.Be3 Rxe3 17.Rd1 Qb6 18.Nd5 Re2+ 19.Kxe2 Re8+ 20.Qe4 Rxe4+ 21.fxe4 Qc5
22.Kf3 h5 23.Be2 Nd4+ 24.Rxd4 Qxd4 25.Nxb4 Qf6+ 26.Kg3 Qd6+ 27.Kh3 Qxb4 28.Bxh5 Qxb2
29.Rf1 g6 30.Bg4 c3 31.e5 c2 32.e6 f5 33.e7 Qh8+ 34.Kg3  0-1

[Event "URS Spartakiad"]
[Site "URS"]
[Date "1979.??.??"]
[Round "?"]
[White "Kozlovskaya, Valentina"]
[Black "Semenova, Lidia K"]
[Result "1/2-1/2"]
[WhiteElo "2265"]
[BlackElo "2245"]

1.d4 d5 2.c4 c6 3.Nf3 Nf6 4.Nc3 dxc4 5.a4 Bf5 6.e3 e6 7.Bxc4 Bb4 8.O-O Nbd7
9.Qe2 Bg6 10.Bd3 Bxd3 11.Qxd3 O-O 12.Rd1 c5 13.Bd2 cxd4 14.Qxd4 Bc5 15.Qh4 Qe7
16.e4 e5 17.Bg5 Qe6 18.h3 Rac8 19.Bxf6 Nxf6 20.Ng5 Qa6 21.Nf3 Qe6 22.Rac1 h6
23.g4 Nd7 24.g5 Be7 25.Nd5 Bxg5 26.Nxg5 hxg5 27.Qxg5 f6 28.Qg4 Qxg4+ 29.hxg4 Kf7
30.Nb4 Rfd8 31.a5 a6  1/2-1/2

[Event "IBM-C"]
[Site "Amsterdam"]
[Date "1980.??.??"]
[Round "?"]
[White "Van der Sterren, Paul"]
[Black "Formanek, Edward W"]
[Result "1-0"]
[WhiteElo "2410"]
[BlackElo "2400"]

1.d4 d5 2.c4 c6 3.Nf3 Nf6 4.Nc3 dxc4 5.a4 Bf5 6.e3 e6 7.Bxc4 Bb4 8.O-O O-O
9.Nh4 Bg6 10.Nxg6 hxg6 11.Qe2 c5 12.Na2 Ba5 13.dxc5 Nc6 14.b3 Ne4 15.Ba3 Nc3
16.Nxc3 Bxc3 17.Rac1 Qa5 18.Rfd1 Rfd8 19.Bb5 Rxd1+ 20.Rxd1 Rd8 21.Rd6 a6
22.Bxc6 bxc6 23.b4 Qc7 24.Qd3 Bf6 25.Kf1 Be7 26.Rxd8+ Bxd8 27.Qxa6 Qxh2 28.Qxc6 Qh1+
29.Ke2 Bf6 30.Qe4 Qa1 31.Qd3 Bc3 32.c6 Qa2+ 33.Kf3 Be1 34.Qe2 Qd5+ 35.e4 Qb3+
36.Qe3 Qd1+ 37.Qe2 Qxa4 38.Qxe1 Qxa3+ 39.Kg4 Qd3 40.Qc1 f5+ 41.exf5 exf5+
42.Kh4 Qe2 43.Kg3 Qe5+ 44.f4 Qc7 45.b5 g5 46.b6 gxf4+ 47.Kh2 Qxb6 48.c7 Qh6+
49.Kg1 Qb6+ 50.Kf1 Qa6+ 51.Kf2 Qb6+ 52.Kf3 Qb7+ 53.Kxf4 Qe4+ 54.Kg3 Qg4+
55.Kf2 Qh4+ 56.g3 Qd4+ 57.Kg2  1-0

[Event "Berlin tt"]
[Site "Berlin-West"]
[Date "1980.??.??"]
[Round "?"]
[White "Defize, Alain"]
[Black "Barry, Colm"]
[Result "1-0"]
[WhiteElo "2200"]
[BlackElo "2250"]

1.d4 d5 2.c4 c6 3.Nf3 Nf6 4.Nc3 dxc4 5.a4 Bf5 6.e3 e6 7.Bxc4 Bb4 8.O-O O-O
9.Nh4 Be4 10.Nxe4 Nxe4 11.Nf3 Nd7 12.Qb3 a5 13.Bxe6 Nec5 14.Bxf7+ Rxf7 15.dxc5 Qe7
16.Bd2 Nxc5 17.Qc4 Bxd2 18.Nxd2 Kh8 19.Rac1 Nd7 20.Nf3 Raf8 21.Qh4 Qxh4 22.Nxh4 Ne5
23.Rc5 Nd3 24.Rxa5 Nxb2 25.Ra7 Nc4 26.Nf3 h6 27.Rc1 Rd8 28.h3 Nd2 29.Ne5 Rc7
30.a5 Rdc8 31.Rc2 Ne4 32.Nc4 c5 33.f3 Nf6 34.Rb2 Rb8 35.a6 Nd5 36.Rbxb7 Rcxb7
37.Rxb7 Ra8 38.a7 Kh7 39.e4  1-0

[Event "Berlin tt"]
[Site "Berlin-West"]
[Date "1980.??.??"]
[Round "?"]
[White "De Lange, Daan"]
[Black "Barry, Colm"]
[Result "1-0"]
[WhiteElo "2290"]
[BlackElo "2250"]

1.d4 d5 2.c4 c6 3.Nf3 Nf6 4.Nc3 dxc4 5.a4 Bf5 6.e3 e6 7.Bxc4 Bb4 8.O-O O-O
9.Nh4 Bg6 10.Nxg6 hxg6 11.Qe2 Nbd7 12.Rd1 Qc7 13.Bb3 e5 14.Qd3 Qa5 15.Qxg6 Bxc3
16.bxc3 Qxc3 17.Qb1 Qa5 18.Ba3 Rfe8 19.Qa2 Nd5 20.e4 Nc3 21.Bxf7+ Kh8 22.Rd3  1-0

[Event "COL-ch"]
[Site "Bogota"]
[Date "1980.??.??"]
[Round "?"]
[White "Garcia, L."]
[Black "Campora, Daniel H"]
[Result "1-0"]
[WhiteElo "2370"]
[BlackElo "2415"]

1.d4 d5 2.c4 c6 3.Nf3 Nf6 4.Nc3 dxc4 5.a4 Bf5 6.e3 e6 7.Bxc4 Bb4 8.O-O O-O
9.Na2 Be7 10.b4 a5 11.Qb3 axb4 12.Nxb4 b5 13.Bd3 Qa5 14.Bxf5 bxa4 15.Qc4 Bxb4
16.Bc2 Qb5 17.Qa2 a3 18.Rb1 Nd5 19.Bd2 Qa5 20.Rb3 Bxd2 21.Nxd2 Nb4 22.Nc4 Qb5
23.Bxh7+ Kh8 24.Qd2 Qxc4 25.Rxb4 Qd5 26.Bd3 Nd7 27.Qc2 Rfb8 28.Rxb8+ Rxb8
29.Ra1 Rb2 30.Qxb2  1-0

[Event "Budapest"]
[Site "Budapest"]
[Date "1980.??.??"]
[Round "?"]
[White "Petran, Pal"]
[Black "Dorfman, Josif D"]
[Result "1/2-1/2"]
[WhiteElo "2445"]
[BlackElo "2540"]

1.d4 d5 2.c4 c6 3.Nc3 Nf6 4.Nf3 dxc4 5.a4 Bf5 6.e3 e6 7.Bxc4 Bb4 8.O-O O-O
9.Qe2 Bg6 10.Bd3 Bxd3 11.Qxd3 Nbd7 12.Qc4 Qa5 13.Bd2 Rfe8 14.Ne4 Nxe4 15.Bxb4 Qf5
16.Nd2 Rad8 17.f3 Nxd2 18.Bxd2 e5 19.e4 Nb6 20.Qc2 Qd7 21.Be3 exd4 22.Rfd1 d3
23.Qb3 Qe6 24.Rxd3 Rxd3 25.Qxd3 f5 26.Bxb6 fxe4 27.Qxe4 Qxe4 28.fxe4 axb6
29.Re1 Re5 30.Re3 b5 31.axb5 Rxb5 32.b3 Kf7 33.Kf2 Ke6 34.Rd3 Ke5 35.Rd7 g5
36.Rxh7 Rxb3 37.Re7+ Kf6 38.Rc7 g4 39.Rc8 Rc3 40.Rg8 Rc2+ 41.Kg3 c5  1/2-1/2

[Event "Buenos Aires"]
[Site "Buenos Aires"]
[Date "1980.??.??"]
[Round "?"]
[White "Quinteros, Miguel A"]
[Black "Hort, Vlastimil"]
[Result "1/2-1/2"]
[WhiteElo "2515"]
[BlackElo "2595"]

1.c4 Nf6 2.Nf3 c6 3.d4 d5 4.Nc3 dxc4 5.a4 Bf5 6.Ne5 Nbd7 7.Nxc4 Qc7 8.g3 e5
9.dxe5 Nxe5 10.Bf4 Nfd7 11.Bg2 Rd8 12.Qc1 f6 13.O-O Be6 14.Nxe5 Nxe5 15.a5 a6
16.Ne4 Bb4 17.Nc5 Bd5 18.e4 Bf7 19.Ra4 Rd4 20.Nd3 Bd2 21.Qc2 Rxa4 22.Qxa4 Bxf4
23.Nxf4 O-O 24.Bh3 Qe7 25.Rd1 Re8 26.Bg2 Rd8 27.h3 Rd6 28.Ne2 Qd7 29.Rd4 g6
30.Qb4 Rxd4 31.Nxd4 Kg7 32.Qc3 Qd6 33.b4 h5 34.f4 Nd7 35.Nf3 c5 36.bxc5 Qxc5+
37.Qd4 b5 38.axb6 Qxb6 39.Kf1 Qxd4 40.Nxd4 a5 41.Ke2 a4 42.Nc2 g5 43.h4  1/2-1/2